| 000 | 01356nam a22002897a 4500 | ||
|---|---|---|---|
| 001 | 5471 | ||
| 003 | FISKH | ||
| 005 | 20241210104538.0 | ||
| 008 | 241210b cb ||||| |||| 00| 0 eng d | ||
| 020 | _a9780439934060 | ||
| 040 |
_aFISKH _beng _cFISKH _dFISKH |
||
| 050 | _aHV8073.Z85 | ||
| 082 | _a363.25 | ||
| 100 | _aZullo, Alan | ||
| 245 |
_aCrime scene investigators / _cby Allan Zullo |
||
| 250 | _aFirst Scholastic printing , January 2008 | ||
| 260 |
_aNew York : _bScholastic ; _c2008. |
||
| 300 |
_a149 pages : _billustrations ; _c20 cm . |
||
| 490 | _aTen true tales | ||
| 505 | _aZ | ||
| 520 | _a"Ten true stories of real-life crime scene investigators!" -- provided by publisher. "A gold ring has been discovered at a murder scene, but police have little else to go on. Can State Patrol Investigator Richard Havel use that clue to track down the killers? A bomber is terrorizing a western community. What forensic clues can Investigator Jack Charles gather to stop and solve the bombings? Enter the secret world of crime scene investigators who use the latest forensic techniques to solve mysteries and bring criminals to justice. You will never forget these incredible true stories" -- | ||
| 521 | 8 |
_a940
_bLexile |
|
| 521 | 8 |
_aZ
_bRaz-Plus |
|
| 650 |
_acrime _vNon-fiction |
||
| 942 |
_2ddc _cBK _n0 |
||
| 999 |
_c5471 _d5471 |
||